Asamar janajati (Record no. 8401)

MARC details
000 -LEADER
fixed length control field 00518cam a2200193ua 4500
008 - FIXED-LENGTH DATA ELEMENTS--GENERAL INFORMATION
fixed length control field 150730n ii |||gr||||Z||||||asm
040 ## - CATALOGING SOURCE
Transcribing agency MAIN
041 ## - LANGUAGE CODE
-- asm
082 ## - DEWEY DECIMAL CLASSIFICATION NUMBER
Classification number 305.8
245 ## - TITLE STATEMENT
Title Asamar janajati
Statement of responsibility, etc. by Pramod Chandra Bhattacharya
250 ## - EDITION STATEMENT
Edition statement 3rd ed.
260 ## - PUBLICATION, DISTRIBUTION, ETC.
Place of publication, distribution, etc. [s.l]:
Name of publisher, distributor, etc. Asam Sahitya Sabha,
Date of publication, distribution, etc. 2008.
Place of publication, distribution, etc. Jorhat:
Name of publisher, distributor, etc. Kiran prakashan,
Place of publication, distribution, etc. Dhemaji:
300 ## - PHYSICAL DESCRIPTION
Extent 266p.
700 ## - ADDED ENTRY--PERSONAL NAME
Personal name Bhattacharya, Pramod Chandra,
Relator term
942 ## - ADDED ENTRY ELEMENTS (KOHA)
Koha item type Books
653 ## - INDEX TERM--UNCONTROLLED
Uncontrolled term Social groups
653 ## - INDEX TERM--UNCONTROLLED
Uncontrolled term Tribes of Assam
Holdings
Withdrawn status Lost status Damaged status Not for loan Home library Current library Shelving location Date acquired Total Checkouts Full call number Barcode Date last seen Date last checked out Copy number Price effective from Koha item type
        Central Library, Naharkatiya College Central Library, Naharkatiya College General Stacks 19/09/2020 4 305.8 | BHA 20649 30/09/2023 14/09/2023 1 19/09/2020 Books
        Central Library, Naharkatiya College Central Library, Naharkatiya College General Stacks 19/09/2020 7 305.8 | BHA 20650 21/12/2024 26/11/2024 2 19/09/2020 Books

Naharkatiya College © 2020. All rights reserved.

Powered By